<?xml version="1.0" encoding="UTF-8"?><?xml-stylesheet type="text/xsl" href="static/style.xsl"?><OAI-PMH xmlns="http://www.openarchives.org/OAI/2.0/" xmlns:xsi="http://www.w3.org/2001/XMLSchema-instance" xsi:schemaLocation="http://www.openarchives.org/OAI/2.0/ http://www.openarchives.org/OAI/2.0/OAI-PMH.xsd"><responseDate>2026-04-14T17:27:52Z</responseDate><request verb="GetRecord" identifier="oai:uvadoc.uva.es:10324/2865" metadataPrefix="marc">https://uvadoc.uva.es/oai/request</request><GetRecord><record><header><identifier>oai:uvadoc.uva.es:10324/2865</identifier><datestamp>2021-06-24T07:39:14Z</datestamp><setSpec>com_10324_1908</setSpec><setSpec>com_10324_952</setSpec><setSpec>com_10324_894</setSpec><setSpec>col_10324_1909</setSpec></header><metadata><record xmlns="http://www.loc.gov/MARC21/slim" xmlns:doc="http://www.lyncode.com/xoai" xmlns:xsi="http://www.w3.org/2001/XMLSchema-instance" xmlns:dcterms="http://purl.org/dc/terms/" xsi:schemaLocation="http://www.loc.gov/MARC21/slim http://www.loc.gov/standards/marcxml/schema/MARC21slim.xsd">
<leader>00925njm 22002777a 4500</leader>
<datafield tag="042" ind1=" " ind2=" ">
<subfield code="a">dc</subfield>
</datafield>
<datafield tag="720" ind1=" " ind2=" ">
<subfield code="a">García Grande, María Josefa</subfield>
<subfield code="e">author</subfield>
</datafield>
<datafield tag="260" ind1=" " ind2=" ">
<subfield code="c">1993</subfield>
</datafield>
<datafield tag="024" ind2=" " ind1="8">
<subfield code="a">Revista de Estudios Europeos, abril/septiembre 1993, n. 4. p. 69-82</subfield>
</datafield>
<datafield tag="024" ind2=" " ind1="8">
<subfield code="a">1132/7170</subfield>
</datafield>
<datafield tag="024" ind2=" " ind1="8">
<subfield code="a">http://uvadoc.uva.es/handle/10324/2865</subfield>
</datafield>
<datafield tag="024" ind2=" " ind1="8">
<subfield code="a">69</subfield>
</datafield>
<datafield tag="024" ind2=" " ind1="8">
<subfield code="a">4</subfield>
</datafield>
<datafield tag="024" ind2=" " ind1="8">
<subfield code="a">82</subfield>
</datafield>
<datafield ind1=" " ind2=" " tag="653">
<subfield code="a">Agricultura - España - Castilla y León</subfield>
</datafield>
<datafield ind1=" " ind2=" " tag="653">
<subfield code="a">Política agraria-Paises de la Unión Europea-España-Castilla y León</subfield>
</datafield>
<datafield tag="245" ind1="0" ind2="0">
<subfield code="a">El sector agrario de Castilla y León ante la reforma de la PAC</subfield>
</datafield>
</record></metadata></record></GetRecord></OAI-PMH>